00980nam a2200217 a 450000100100000000500170001000800410002702000150006804000250008324501050010826000710021330000280028449000240031250400290033650400730036571000600043883000310049895201050052995201110063499900170074500004140420201002034847.0130917s2005 sp 000 0 spa d a8400083253 aDO-SdBNPbspacBNPHU10aEspaña y Polonia :blos encuentros /cCoordinado Elda González Martínez, Malgorzata Nalewajko. aMadrid :bConsejo Superior de Invesigaciones Científicas,c2005. a272 p. :bil. ;c21 cm.1 aMonografías ;v28 aBibliografía : 178-181 aIncluye referencias bibliográficas y notas al pie de las páginas2 aConsejo Superior de Invesigaciones Científicas967474 0aMonografías ;n28968059 001050718MOaGRbGRcCTd2013-10-02iLF1l0o p41404-10r2020-06-25w2020-06-25y1ZNo se presta 001050718MOaGRbGRcCTd2013-10-09iLF1l0o p41404-20r2020-06-25te. 2w2020-06-25y1ZNo se presta c40894d40894